Normal view
MARC view
Entry Personal Name
001 - CONTROL NUMBER
- control field: 8639
003 - CONTROL NUMBER IDENTIFIER
- control field: BD-RjUL
005 - DATE AND TIME OF LATEST TRANSACTION
- control field: 20230828154012.0
008 - FIXED-LENGTH DATA ELEMENTS
- fixed length control field: 230828|| aca||aabn | a|a d
040 ## - CATALOGING SOURCE
- Original cataloging agency: BD-RjUL
- Transcribing agency: BD-RjUL
100 ## - HEADING--PERSONAL NAME
- Personal name: হাসান, রাগিব
670 ## - SOURCE DATA FOUND
- Source citation: Work cat.: (BD-RjUL)81796: হাসান, রাগিব , গবেষণায় হাতে খড়ি /, ২০২২, [মুদ্রণ ২০২৩]